| 000 | 00707 a2200205 4500 | ||
|---|---|---|---|
| 010 | _aENG-88811 | ||
| 020 |
_c200.00 _a8125030735 |
||
| 035 | _aEN-72344 | ||
| 037 | _bDBAD / PUB | ||
| 082 | 1 | 4 | _a306.4460954 |
| 090 |
_c9402 _d9402 |
||
| 245 | 1 |
_aMultilingualism in India/ _cedited by Debi Prasanna Pattanayak |
|
| 260 |
_aNew Delhi _bOrient Longman _c2007 |
||
| 270 |
_a1/24, Asaf Ali Road, _bNew Dehli _e110 002 _mdelgeneral@orientlongman.com |
||
| 300 |
_axii, 116 p. _c21 cm. (Pbk.) |
||
| 500 | _aIncludes Index | ||
| 700 | 1 | _aPattanayak, Debi Prasanna | |
| 942 |
_adpl _cEN _k306.4460954 / MUL |
||
| 999 |
_c9232 _d9232 |
||